000 00605nam a2200205 a 4500
001 BRCA_7431
005 20190320205832.0
008 050413s1943----enkc######---#000-0#eng-#
041 _aeng
044 _aenk
050 4 _aZ323
_b.B38 1943
245 1 0 _aA batsford century
_bthe record of a hundred years of publishing and bookselling 1843-1943
_ced. by Hector Bolitho.
260 _aLondres
_bB. T. Batsford
_c1943
300 _aviii, 147 p.
_bil., retratos
500 _aQ173
650 1 4 _aEditores y publicaciones
_918313
700 1 _aBolitho, Hector
_eed.
_918314
902 _aGFM
942 _2lcc
_cB
999 _c7107
_d7107